| 000 | 00958nam a2200253 i 4500 | ||
|---|---|---|---|
| 001 | bg | ||
| 245 | 7 | 0 |
_aStudia z automatyki i informatyki / _cPoznańskie Towarzystwo Przyjaciół Nauk ; [aut. Sławomir Ignasiak et al.]. |
| 260 |
_aPoznań : _bWydaw. PTPN, _c1997. |
||
| 300 |
_a115 s. : _b1 fot., rys., wykr. ; _c24 cm. |
||
| 490 | 1 |
_aPrace Komisji Automatyki i Informatyki / Poznańskie Towarzystwo Nauk. Wydział Nauk Technicznych, _x0867-3977 ; _vt.22 |
|
| 504 | _aBibliogr. po art. | ||
| 650 | 9 |
_aInformatyka _xzagadnienia |
|
| 650 | 9 |
_aSterowanie _xzagadnienia |
|
| 650 | 9 |
_aAutomatyka _xzagadnienia |
|
| 700 | 1 | _aIGNASIAK, Grażyna. | |
| 830 | 0 |
_aPrace Komisji Automatyki i Informatyki (Poznańskie Towarzystwo Nauk. Wydział Nauk Technicznych) ; _vt.22 |
|
| 020 | _a8370631797 | ||
| 040 | _cBPK | ||
| 041 | 0 |
_aplen _bpl |
|
| 080 | _a681.3:681.5:62-5 | ||
| 920 | _a83-7063-179-7 | ||
| 942 | _cKS | ||
| 008 | s pl f |000 0 pol | ||
| 999 |
_c31810 _d31810 |
||
| 856 |
_uhttp://koha.tu.koszalin.pl/cgi-bin/koha/opac-detail.pl?biblionumber=31810 _yKatalog online BPK |
||